000 00465nam a2200157Ia 4500
008 210716s2003 xx 000 0 und d
020 _a8120300270
041 _aeng
082 _a658.7 GOPP
100 _aGopalakrishnan, P;Sundaresan, M.
245 _aMaterials management: an integrated approach.
_bIntegrated approach.
250 _a1
260 _aNew delhi
_bPrentice Hall of India PVt Ltd
_c2003
300 _ax,276
650 _aMaterials Management(658.7)
999 _c197666
_d197666